| 000 | 00560nam a22002057a 4500 | ||
|---|---|---|---|
| 999 |
_c6754 _d6754 |
||
| 003 | OSt | ||
| 005 | 20210205102800.0 | ||
| 008 | 210205b ||||| |||| 00| 0 eng d | ||
| 020 | _a0071238492 | ||
| 040 | _cNLM | ||
| 082 | _aWP141 S57a 2004 | ||
| 100 |
_aFleischer, Arthur C. _913858 |
||
| 245 | _aSonography in Gynecology & Obstetrics: just the facts | ||
| 260 | _aBoston; Mcgraw hill, 2004 | ||
| 300 | _axi,267p; Col.ill: 28cm | ||
| 504 | _aAppendices, & index included | ||
| 650 |
_aGynecology _91956 |
||
| 650 |
_aObstetrics _95 |
||
| 942 |
_2z _cO_SHELF |
||